00487 2200193 4500001002100000005001500021035002000036245003900056100002100095300001200116260002600128082001400154084002000168020002200188008004100210650002000251990001100271990001100282INLIS00000000000139320240827030207 a0010-11220000091 aLaut Bercerita /cLeila S. Chudori0 aLeila S. Chudori a379 hlm aJakarta :bKPG,c2017 a899.221 3 a899.221 3 LEI l a978-602-424-694-5240827 0  4aFiksi Indonesia a002604 a002605